[Event "World Rapid 2025"]
[Site "Doha QAT"]
[Date "2025.12.26"]
[Round "3.113"]
[White "Averin, Nikolay"]
[Black "Bodemar, Jonathan"]
[Result "1-0"]
[WhiteTitle "FM"]
[BlackTitle "CM"]
[WhiteElo "2389"]
[BlackElo "2154"]
[WhiteFideId "24250473"]
[BlackFideId "6205488"]
[EventDate "2025.12.26"]
[EventType "rapid"]

1. a3 e5 2. c4 Nf6 3. d3 d5 4. cxd5 Nxd5 5. Nf3 Nc6 6. e3 Be7 7. b4 a6 8. Bb2 f6
9. Be2 Be6 10. Nbd2 Qd7 11. h4 O-O-O 12. Rc1 Kb8 13. Nb3 h6 14. h5 Rhe8 15. Nfd2
Bf7 16. Ne4 f5 17. Nec5 Bxc5 18. Nxc5 Qd6 19. Qc2 Na7 20. g3 Re7 21. e4 Nf6 22.
exf5 Bd5 23. O-O Nb5 24. Ne4 Bxe4 25. dxe4 Nd4 26. Bxd4 exd4 27. Bd3 Nxh5 28.
Kg2 Nf6 29. f3 Nd7 30. f4 Nf6 31. e5 Qd5+ 32. Kh3 Ne8 33. Qc5 Qd7 34. g4 c6 35.
e6 Qc7 36. Rc4 Nf6 37. Rxd4 Nd5 38. Rf3 Ree8 39. Kg3 h5 40. g5 Ne7 41. Rxd8+
Rxd8 42. Qe5 Nd5 43. Be4 Kc8 44. Bxd5 Rxd5 45. Qxc7+ Kxc7 46. f6 gxf6 47. gxf6
Rf5 48. e7 Kd7 49. Rd3+ Rd5 50. Re3 1-0

[Event "World Rapid 2025"]
[Site "Doha QAT"]
[Date "2025.12.26"]
[Round "3.114"]
[White "Alrehaili, Ahmed Abdullah S"]
[Black "Bai, Adelard"]
[Result "0-1"]
[WhiteTitle "FM"]
[BlackTitle "IM"]
[WhiteElo "2106"]
[BlackElo "2417"]
[WhiteFideId "21518840"]
[BlackFideId "16301188"]
[EventDate "2025.12.26"]
[EventType "rapid"]

1. e4 c5 2. Nf3 Nc6 3. Bb5 d5 4. exd5 Qxd5 5. Nc3 Qe6+ 6. Qe2 Qxe2+ 7. Nxe2 Bd7
8. d4 e6 9. c3 Nf6 10. O-O Be7 11. Be3 Nd5 12. Rad1 Rd8 13. Bc1 Nc7 14. Bd3 O-O
15. Be4 Ne8 16. dxc5 Nf6 17. Bxc6 Bxc6 18. b4 Bb5 19. Nfd4 Bc4 20. Bg5 h6 21.
Bh4 g5 22. Bg3 Ne4 23. f3 Nxg3 24. hxg3 Rd5 25. Rfe1 Rfd8 26. Ra1 Bf6 27. Rac1
Kh7 28. Kf2 Kg6 29. Rc2 Bd3 30. Rb2 Bg7 31. a4 a6 32. g4 Bc4 33. g3 Bf6 34. f4
Kg7 35. Rbb1 Bd3 36. Rb2 Bc4 37. Rc1 Kg6 38. Rcc2 a5 39. bxa5 Rxc5 40. Rxb7 Bd3
41. Rc1 Be4 42. f5+ exf5 43. gxf5+ Rxf5+ 44. Nxf5 Bxb7 45. Nfd4 Be4 46. Re1 Bd5
47. Rb1 Ra8 48. Rb5 Bc4 49. Rc5 Bd3 50. g4 Be7 51. Rc6+ Kh7 52. Rc7 Bf6 53.
Rxf7+ Kg6 54. Rd7 Rxa5 55. Nb3 Bxe2 56. Nxa5 Bxg4 57. Rd6 h5 58. Nb3 Kf7 59. Nd4
h4 60. Rd5 h3 61. a5 Bc8 62. Kg3 g4 63. Rc5 Bh4+ 64. Kh2 g3+ 65. Kg1 Bg4 66. a6
Bf6 67. a7 Bxd4+ 68. cxd4 h2+ 69. Kg2 Bf3+ 70. Kxg3 h1=Q 71. Rf5+ Ke6 72. Rxf3 0-1

[Event "World Rapid 2025"]
[Site "Doha QAT"]
[Date "2025.12.26"]
[Round "3.115"]
[White "Grafl, Florian"]
[Black "Damaj, Mohammed"]
[Result "1/2-1/2"]
[WhiteTitle "IM"]
[BlackTitle "CM"]
[WhiteElo "2343"]
[BlackElo "2119"]
[WhiteFideId "4645715"]
[BlackFideId "11501731"]
[EventDate "2025.12.26"]
[EventType "rapid"]

1. e4 d6 2. f4 c5 3. Nf3 Nc6 4. Bb5 a6 5. Bxc6+ bxc6 6. O-O g6 7. d3 Bg7 8. Nc3
Rb8 9. f5 gxf5 10. exf5 Bxf5 11. Ng5 Bg6 12. Qf3 Nf6 13. Qxc6+ Qd7 14. Qxa6 O-O
15. Qc4 Rb4 16. Qa6 Ng4 17. Nf3 Ne5 18. a3 Rbb8 19. Qa4 Nxf3+ 20. Rxf3 Bd4+ 21.
Be3 Qxa4 22. Nxa4 Bxb2 23. Nxb2 Rxb2 24. Rf2 Ra8 25. a4 f6 26. a5 Kf7 27. Bc1
Rb7 28. Bd2 Rc7 29. Rf4 d5 30. Rfa4 Ra6 31. Rb1 c4 32. Ra3 Rcc6 33. Be3 e5 34.
dxc4 Rxc4 35. Rb7+ Kg8 36. Rb6 Ra8 37. c3 d4 38. cxd4 exd4 39. Bf4 d3 40. Rxf6
Re8 41. Bd2 Rc2 42. Rf2 Rb8 43. h3 Rb1+ 44. Kh2 Rbb2 45. a6 Rxd2 46. a7 Be4 47.
a8=Q+ Bxa8 48. Rxa8+ Kg7 49. Rxd2 Rxd2 50. Rd8 Kf6 51. Kg3 Rd1 52. Kf2 Rd2+ 53.
Kf3 Rd1 54. h4 d2 55. Kf2 Rh1 56. Rxd2 1/2-1/2

[Event "World Rapid 2025"]
[Site "Doha QAT"]
[Date "2025.12.26"]
[Round "3.116"]
[White "Dinham, James"]
[Black "Morris, James"]
[Result "1/2-1/2"]
[BlackTitle "IM"]
[WhiteElo "2091"]
[BlackElo "2422"]
[WhiteFideId "14327023"]
[BlackFideId "3205800"]
[EventDate "2025.12.26"]
[EventType "rapid"]

1. Nf3 d6 2. d4 Nf6 3. g3 c6 4. Bg2 Bf5 5. c4 Nbd7 6. Nc3 h6 7. O-O e5 8. dxe5
dxe5 9. b3 Qc7 10. Nd2 Rd8 11. Bb2 Be7 12. Qc1 Nc5 13. b4 Ne6 14. b5 O-O 15.
Nce4 Nd4 16. Re1 Nxe4 17. Nxe4 Bb4 18. Bc3 Bxc3 19. Qxc3 cxb5 20. e3 b4 21. Qb2
Nc6 22. a3 a5 23. axb4 Nxb4 24. Qb3 Nd3 25. Red1 Bxe4 26. Bxe4 Nc5 27. Qc2 Rxd1+
28. Rxd1 a4 29. Bd5 Ra8 30. Ra1 Qb6 31. Qc3 e4 32. Qd4 a3 33. Bxe4 a2 34. Bc2 g6
35. h4 h5 36. Qc3 Qc6 37. Qb2 Qa6 38. Qd4 Qa5 39. Kh2 Ne6 40. Qf6 Nf8 41. Bb3
Qd2 42. c5 Ne6 43. Bxe6 fxe6 44. Qxg6+ Kh8 45. Qxh5+ Kg8 46. Qg6+ Kh8 47. Qf6+
Kh7 48. Qf7+ Kh8 49. Qf6+ Kh7 50. Kg1 Qd5 51. Qb2 Kg6 52. Qc2+ Kf6 53. e4 Qd4
54. Rxa2 Rxa2 55. Qxa2 Qxe4 56. Qb2+ Kf7 57. Qc1 e5 58. Qe3 Qd5 59. h5 e4 60. h6
Kg6 61. Kg2 Kh7 62. g4 Kg6 63. g5 Qf5 64. Kg3 Kh5 65. f3 Qe5+ 66. Qf4 Qxc5 67.
Qh4+ Kg6 68. h7 Qg1+ 69. Kf4 Qc1+ 70. Ke5 Qc5+ 71. Kf4 Qf5+ 72. Kg3 Qxf3+ 73.
Kh2 Qe2+ 74. Kg3 Qe3+ 75. Kg2 Qd2+ 76. Kf1 Qd1+ 77. Kf2 Qc2+ 78. Ke3 Qd3+ 79.
Kf4 Qd2+ 80. Ke5 Qc3+ 81. Kd5 Qc6+ 82. Kd4 Qd6+ 83. Kc4 Qc6+ 84. Kd4 Qd6+ 85.
Kc4 Qc7+ 86. Kd4 Qd7+ 87. Kc4 Qe6+ 88. Kd4 Qb6+ 89. Kc4 Qc7+ 90. Kd4 Qd7+ 91.
Kc4 Qd3+ 92. Kc5 Qc3+ 93. Kb6 Qb4+ 94. Kc7 Qe7+ 95. Kb6 Qxh7 96. Qxe4+ Kg7 97.
Qxb7+ Kg6 98. Qe4+ Kg7 99. Qe7+ Kg8 100. Qd8+ Kg7 101. Qf6+ Kg8 102. g6 Qc7+
103. Kxc7 1/2-1/2

[Event "World Rapid 2025"]
[Site "Doha QAT"]
[Date "2025.12.26"]
[Round "3.117"]
[White "Al Mashikhi, Salim Aliyan"]
[Black "Suleimen, Ergali"]
[Result "1/2-1/2"]
[WhiteTitle "FM"]
[BlackTitle "IM"]
[WhiteElo "1952"]
[BlackElo "2419"]
[WhiteFideId "22000046"]
[BlackFideId "13724452"]
[EventDate "2025.12.26"]
[EventType "rapid"]

1. e4 c5 2. Nc3 Nc6 3. Nf3 e5 4. Bb5 d6 5. d3 Nf6 6. h3 Be7 7. O-O O-O 8. a3 Nd4
9. Bc4 Be6 10. Nxd4 cxd4 11. Bxe6 fxe6 12. Ne2 Rc8 13. c3 dxc3 14. bxc3 d5 15.
exd5 exd5 16. Be3 Bc5 17. Qb3 Qd7 18. Rab1 b6 19. Ng3 Bxe3 20. fxe3 Kh8 21. Rbc1
e4 22. d4 Qc7 23. Ne2 Qc4 24. Qxc4 Rxc4 25. g4 h6 26. h4 Kg8 27. Rf4 Ra4 28.
Rcf1 Rxa3 29. g5 hxg5 30. hxg5 Nd7 31. Rxf8+ Nxf8 32. Rf5 Ne6 33. Re5 Kf7 34.
g6+ Kf6 35. Rxd5 Kxg6 36. Rd6 Kf7 37. Kf2 Ra2 38. Kf1 Ke7 39. Rc6 Kd7 40. d5 Nc5
41. Rg6 Nd3 42. Nd4 Ne5 43. Rxg7+ Kd6 44. Rg5 Kxd5 45. c4+ Kd6 46. Nb5+ Ke6 47.
Nd4+ Kd6 48. Nb5+ Ke6 49. Nd4+ Kd6 1/2-1/2

[Event "World Rapid 2025"]
[Site "Doha QAT"]
[Date "2025.12.26"]
[Round "3.118"]
[White "Wafa, Hamed"]
[Black "Dahal, Sushrut"]
[Result "1-0"]
[WhiteTitle "IM"]
[BlackTitle "CM"]
[WhiteElo "2373"]
[BlackElo "2037"]
[WhiteFideId "10628452"]
[BlackFideId "12303275"]
[EventDate "2025.12.26"]
[EventType "rapid"]

1. e4 c5 2. Nf3 e6 3. c3 Nf6 4. Bd3 b6 5. O-O Bb7 6. Re1 d6 7. Bc2 Be7 8. d4
Nbd7 9. Nbd2 e5 10. dxe5 dxe5 11. Nc4 Qc7 12. Bg5 O-O 13. Ne3 Rfe8 14. c4 Bf8
15. Nd5 Nxd5 16. exd5 g6 17. Qd2 Bg7 18. Bh6 Qd6 19. Bxg7 Kxg7 20. Re4 f5 21.
Rh4 Nf8 22. Qh6+ Kg8 23. Bxf5 Re7 24. Ng5 Rg7 25. Be6+ Nxe6 26. Nxe6 Re7 27. Re1
Rae8 28. Qg5 Rxe6 29. dxe6 Qxe6 30. b3 e4 31. Rf4 Qd6 32. Qf6 Qxf6 33. Rxf6 Rd8
34. f3 Kg7 35. Rf4 Rd2 36. fxe4 Rxa2 37. Rf2 Ra3 38. e5 Rxb3 39. e6 Rc3 40. Rf7+ 1-0

[Event "World Rapid 2025"]
[Site "Doha QAT"]
[Date "2025.12.26"]
[Round "3.119"]
[White "Ezat, Mohamed"]
[Black "Ashwath Kaushik"]
[Result "1-0"]
[WhiteTitle "IM"]
[BlackTitle "FM"]
[WhiteElo "2294"]
[BlackElo "2345"]
[WhiteFideId "10600906"]
[BlackFideId "33387230"]
[EventDate "2025.12.26"]
[EventType "rapid"]

1. d4 d5 2. c4 e6 3. Nc3 Nf6 4. cxd5 exd5 5. Bg5 Be7 6. e3 O-O 7. Bd3 Re8 8.
Nge2 c6 9. Qc2 Nbd7 10. O-O Nf8 11. f3 g6 12. Rad1 Ne6 13. Bh4 b5 14. Kh1 Bb7
15. Qc1 Rc8 16. e4 b4 17. Na4 Nd7 18. Bxe7 Rxe7 19. Qd2 Qa5 20. b3 c5 21. exd5
Bxd5 22. dxc5 Nexc5 23. Nxc5 Rxc5 24. Ng3 Bb7 25. Bc4 Ne5 26. Rfe1 Rc8 27. Qg5
Nc6 28. Bd5 Rxe1+ 29. Rxe1 Qd8 30. Ne4 Qxg5 31. Nxg5 Nd8 32. Bc4 h6 33. Nh3 Ne6
34. Rxe6 Bd5 35. Ra6 Bxc4 36. bxc4 Rxc4 37. Rxa7 Rc1+ 38. Ng1 Ra1 39. Ra4 Kg7
40. h4 f5 41. Kh2 g5 42. hxg5 hxg5 43. Nh3 Kg6 44. Ra6+ Kh5 45. Nf2 g4 46. fxg4+
fxg4 47. Ra5+ Kg6 48. Ra4 Kh5 49. Kg3 Rb1 50. Ra5+ Kg6 51. Nxg4 b3 52. axb3
Rxb3+ 53. Kh4 Rb4 54. Ra6+ Kg7 55. Kg5 Rb5+ 56. Kf4 Rb4+ 57. Kf5 Kh8 58. Ne5 Kg7
59. Ra7+ Kh8 60. g4 Kg8 61. g5 Kh8 62. Ng4 Rb5+ 63. Kg6 Rb8 64. Rh7+ Kg8 65.
Nf6+ Kf8 66. Rf7# 1-0

[Event "World Rapid 2025"]
[Site "Doha QAT"]
[Date "2025.12.26"]
[Round "3.120"]
[White "Aziz, Husain"]
[Black "Alkhuriji, Abdulaziz N"]
[Result "1-0"]
[WhiteTitle "IM"]
[WhiteElo "2256"]
[BlackElo "1972"]
[WhiteFideId "12100293"]
[BlackFideId "21525919"]
[EventDate "2025.12.26"]
[EventType "rapid"]

1. d4 Nf6 2. Nf3 g6 3. Nc3 d5 4. Bf4 Bg7 5. Nb5 Na6 6. e3 O-O 7. h3 c6 8. Nc3 c5
9. Bxa6 bxa6 10. dxc5 Qa5 11. Be5 Qxc5 12. O-O Bf5 13. Nd4 Bd7 14. Nb3 Qc6 15.
Bxf6 Qxf6 16. Nxd5 Qd6 17. c3 Rab8 18. e4 Rfd8 19. Re1 Bc6 20. Qf3 f5 21. c4 e6
22. Nc3 Qb4 23. Qe3 Bxc3 24. bxc3 Qxc4 25. exf5 exf5 26. Na5 Qd5 27. Nxc6 Qxc6
28. Qxa7 Qxc3 29. Qxa6 Re8 30. Rec1 Qb2 31. Qc4+ Kh8 32. a4 Re2 1-0

[Event "World Rapid 2025"]
[Site "Doha QAT"]
[Date "2025.12.26"]
[Round "3.121"]
[White "Blackwood, Ryan"]
[Black "George Samir, David"]
[Result "0-1"]
[BlackTitle "IM"]
[WhiteElo "1945"]
[BlackElo "2343"]
[WhiteFideId "7400640"]
[BlackFideId "10657789"]
[EventDate "2025.12.26"]
[EventType "rapid"]

1. e4 c5 2. Nf3 d6 3. d4 cxd4 4. Nxd4 Nf6 5. Nc3 a6 6. Bd3 e5 7. Nde2 Be7 8. O-O
Be6 9. f3 Nc6 10. Qe1 O-O 11. Kh1 b5 12. Bg5 Rc8 13. Rd1 b4 14. Nd5 Nxd5 15.
exd5 Bxg5 16. Bxa6 Rc7 17. dxc6 Rxc6 18. Bd3 Rb6 19. Ng3 Qe7 20. Nf5 Qf6 21. Qe4
g6 22. Ng3 d5 23. Qe2 Bf4 24. Qf2 d4 25. Ne2 Be3 26. Qg3 h5 27. f4 h4 28. Qf3 h3
29. f5 Bxf5 30. Bxf5 Qxf5 31. Qxf5 gxf5 32. Rxf5 hxg2+ 33. Kxg2 Rc8 34. c3 bxc3
35. bxc3 dxc3 36. Rxe5 c2 37. Rf1 Rg6+ 38. Kh3 Kg7 39. Nf4 Bxf4 0-1

[Event "World Rapid 2025"]
[Site "Doha QAT"]
[Date "2025.12.26"]
[Round "3.122"]
[White "Musovic, Armin"]
[Black "Al-Kuwari, Hamad"]
[Result "1-0"]
[WhiteTitle "FM"]
[BlackTitle "CM"]
[WhiteElo "2190"]
[BlackElo "1809"]
[WhiteFideId "939935"]
[BlackFideId "12102679"]
[EventDate "2025.12.26"]
[EventType "rapid"]

1. e4 e6 2. Qe2 c5 3. Nf3 Nc6 4. g3 Be7 5. Bg2 d5 6. d3 Nf6 7. O-O O-O 8. Re1 b5
9. Nbd2 b4 10. Nf1 dxe4 11. dxe4 e5 12. c3 a5 13. Rd1 Qc7 14. Bg5 Ba6 15. Qe1 h6
16. Bxf6 Bxf6 17. Ne3 Ne7 18. Rac1 Bb7 19. Ng4 Qc6 20. Nfxe5 Bxe5 21. Nxe5 Qe6
22. Nd7 Rfc8 23. Qe3 Qxa2 24. Nxc5 Bc6 25. cxb4 axb4 26. Qd4 Rd8 27. Qxb4 Rdb8
28. Qd4 Rxb2 29. Nd3 Rd2 30. Rxd2 Qxd2 31. Qc3 Qa2 32. Nb4 1-0

[Event "World Rapid 2025"]
[Site "Doha QAT"]
[Date "2025.12.26"]
[Round "3.123"]
[White "Khayat, Emad"]
[Black "Medhus, Vitus Bondo"]
[Result "0-1"]
[BlackTitle "FM"]
[WhiteElo "1927"]
[BlackElo "2387"]
[WhiteFideId "21518076"]
[BlackFideId "1462547"]
[EventDate "2025.12.26"]
[EventType "rapid"]

1. d4 Nf6 2. Nf3 d5 3. c4 e6 4. g3 c6 5. Bg2 dxc4 6. O-O Nbd7 7. Qc2 b5 8. Nbd2
Bb7 9. b3 cxb3 10. Nxb3 Be7 11. Rd1 O-O 12. Ne5 Nxe5 13. dxe5 Nd5 14. Bd2 Qc7
15. Nc5 Rfd8 16. Rac1 Rac8 17. h4 h6 18. e4 Nb6 19. Ba5 Ba8 20. Rxd8+ Rxd8 21.
f4 Rd4 22. Bf1 Rd8 23. Kh2 Qc8 24. Bh3 Bxc5 25. Qxc5 Qa6 26. Qe7 Rf8 27. Bb4
Qxa2+ 28. Kh1 c5 29. Bxc5 Bxe4+ 30. Kg1 Rc8 31. f5 Qb3 32. Kh2 Qb2+ 0-1

[Event "World Rapid 2025"]
[Site "Doha QAT"]
[Date "2025.12.26"]
[Round "4.4"]
[White "Movahed, Sina"]
[Black "Yu, Yangyi"]
[Result "1/2-1/2"]
[WhiteTitle "GM"]
[BlackTitle "GM"]
[WhiteElo "2596"]
[BlackElo "2717"]
[WhiteFideId "42520835"]
[BlackFideId "8603820"]
[EventDate "2025.12.26"]
[EventType "rapid"]

1. e4 e5 2. Nf3 Nf6 3. Nxe5 d6 4. Nf3 Nxe4 5. d4 d5 6. Bd3 Nc6 7. O-O Be7 8.
Nbd2 Nd6 9. Re1 Nb4 10. Nf1 Nxd3 11. Qxd3 O-O 12. Ng3 c6 13. Bf4 Re8 14. Re2 Bf8
15. Ng5 g6 16. Rae1 Rxe2 17. Rxe2 Bg4 18. Nf3 Qa5 19. h3 Bxf3 20. Qxf3 Qd8 21.
Be5 Bg7 22. h4 Nc4 23. Bxg7 Kxg7 24. b3 Nd6 25. Qg4 Ne4 26. Nxe4 f5 27. Nc5 fxg4
28. Ne6+ Kf6 29. Nxd8 Rxd8 30. Kh2 h5 31. Kg3 a5 32. Kf4 Rf8 33. Re5 Rd8 34. Ke3
a4 35. b4 b5 36. a3 Rf8 37. f3 gxf3 38. gxf3 Rg8 39. Kf4 Rf8 40. Kg3 1/2-1/2

[Event "World Rapid 2025"]
[Site "Doha QAT"]
[Date "2025.12.26"]
[Round "4.5"]
[White "Grischuk, Alexander"]
[Black "Goutham Krishna H"]
[Result "1/2-1/2"]
[WhiteTitle "GM"]
[BlackTitle "IM"]
[WhiteElo "2654"]
[BlackElo "2433"]
[WhiteFideId "4126025"]
[BlackFideId "25983504"]
[EventDate "2025.12.26"]
[EventType "rapid"]

1. e4 b6 2. d4 Bb7 3. Bd3 e6 4. Nf3 d5 5. e5 c5 6. c3 Ne7 7. h4 Qd7 8. h5 Ba6 9.
h6 gxh6 10. Bxh6 Bxd3 11. Qxd3 Bxh6 12. Rxh6 Nf5 13. Rh5 Nc6 14. Na3 cxd4 15.
cxd4 Nb4 16. Qe2 Rc8 17. Kf1 a6 18. Kg1 h6 19. Re1 Rg8 20. Qd2 a5 21. Rxf5 exf5
22. e6 fxe6 23. Qxh6 Rc6 24. Ne5 Qg7 25. Qxg7 Rxg7 26. Nxc6 Nxc6 27. Rxe6+ Kd7
28. Rf6 Nxd4 29. Rxb6 Nf3+ 30. Kf1 Nh2+ 31. Kg1 Nf3+ 32. Kf1 Nh2+ 33. Kg1 Nf3+ 1/2-1/2

[Event "World Rapid 2025"]
[Site "Doha QAT"]
[Date "2025.12.26"]
[Round "4.6"]
[White "Nepomniachtchi, Ian"]
[Black "Bu, Xiangzhi"]
[Result "1/2-1/2"]
[WhiteTitle "GM"]
[BlackTitle "GM"]
[WhiteElo "2723"]
[BlackElo "2665"]
[WhiteFideId "4168119"]
[BlackFideId "8601445"]
[EventDate "2025.12.26"]
[EventType "rapid"]

1. e4 e5 2. Nf3 Nf6 3. Nxe5 d6 4. Nf3 Nxe4 5. d4 d5 6. Bd3 Nc6 7. O-O Be7 8.
Nbd2 Bf5 9. Re1 Nxd2 10. Qxd2 Bg6 11. Bxg6 hxg6 12. Qd3 Qd7 13. Bg5 O-O 14. Bxe7
Nxe7 15. Re2 Rae8 16. Ne5 Qc8 17. Rae1 Nf5 18. c3 c6 19. a4 a5 20. g3 Nd6 21.
Kg2 Qf5 22. Qxf5 gxf5 23. h4 g6 24. h5 gxh5 25. Nd7 Rxe2 26. Rxe2 Rc8 27. Nf6+
Kf8 28. Kf3 Ne4 29. Nxh5 c5 30. dxc5 Rxc5 31. Kf4 Rc4 32. Kxf5 Rxa4 33. Nf4 Ra2
34. Nxd5 Nc5 35. f4 a4 36. Nb4 Ra1 37. g4 a3 38. bxa3 Rxa3 39. Nd5 Ra5 40. c4 b5
41. Nf6 Ne6 42. Re5 Ra4 43. Nd7+ Kg7 44. Nc5 Nd4+ 45. Ke4 Rxc4 46. Rg5+ Kf8 47.
Kd3 Nc6 48. Ke3 Rc3+ 49. Ke4 Rc4+ 50. Ke3 Rc3+ 51. Ke4 Rc4+ 1/2-1/2

[Event "World Rapid 2025"]
[Site "Doha QAT"]
[Date "2025.12.26"]
[Round "4.7"]
[White "Vachier-Lagrave, Maxime"]
[Black "Henriquez Villagra, Cristobal"]
[Result "1-0"]
[WhiteTitle "GM"]
[BlackTitle "GM"]
[WhiteElo "2734"]
[BlackElo "2598"]
[WhiteFideId "623539"]
[BlackFideId "3409350"]
[EventDate "2025.12.26"]
[EventType "rapid"]

1. e4 c5 2. Nf3 d6 3. d4 cxd4 4. Nxd4 Nf6 5. Nc3 Nc6 6. Bg5 Bd7 7. Qd2 a6 8.
O-O-O e6 9. f3 Nxd4 10. Qxd4 Bc6 11. Kb1 h6 12. Be3 d5 13. e5 Nd7 14. f4 g5 15.
Qd2 Bg7 16. Re1 gxf4 17. Bxf4 Qc7 18. Qd4 O-O-O 19. Bd3 Bf8 20. Bg3 Bc5 21. Qf4
Rdf8 22. Rhf1 Kb8 23. Ne2 Qb6 24. Nc1 Qb4 25. Nb3 Be7 26. Qxb4 Bxb4 27. Re2 Nc5
28. Nxc5 Bxc5 29. Bh4 Rhg8 30. a3 a5 31. Rf4 Kc7 32. b4 axb4 33. axb4 Bg1 34. g3
Kb6 35. Kb2 Ra8 36. Rf1 Bd4+ 37. c3 Bxc3+ 38. Kxc3 Ra3+ 39. Kd2 Rga8 40. Be7 1-0

[Event "World Rapid 2025"]
[Site "Doha QAT"]
[Date "2025.12.26"]
[Round "4.8"]
[White "Sindarov, Javokhir"]
[Black "Theodorou, Nikolas"]
[Result "1-0"]
[WhiteTitle "GM"]
[BlackTitle "GM"]
[WhiteElo "2726"]
[BlackElo "2652"]
[WhiteFideId "14205483"]
[BlackFideId "4262875"]
[EventDate "2025.12.26"]
[EventType "rapid"]

1. e4 c5 2. Nf3 a6 3. g3 Nc6 4. Bg2 e5 5. O-O g6 6. a3 Bg7 7. b4 d6 8. bxc5 dxc5
9. Nc3 Nge7 10. d3 O-O 11. a4 h6 12. Rb1 Nb4 13. Ba3 Qa5 14. Nd2 Be6 15. Nb3
Bxb3 16. Rxb3 Rfd8 17. Qb1 Rac8 18. Bh3 Rc6 19. Nd1 Qc7 20. Ne3 b6 21. Bxb4 cxb4
22. Rxb4 h5 23. Qb3 Rf6 24. Rc4 Qd6 25. Bg2 Bh6 26. Nd5 Nxd5 27. exd5 Rb8 28.
Rc6 Qd8 29. Qc4 a5 30. Rb1 Bf8 31. Qe4 Bd6 32. Qe3 Bc5 33. Qxe5 Bxf2+ 34. Kh1
Bd4 35. Qe4 Rc8 36. Re1 Bc5 37. Qh4 Rf2 38. d4 Bb4 39. c3 Bf8 40. Qxd8 Rxd8 41.
Rxb6 Rc2 42. Rc6 Rb8 43. Be4 Rd2 44. d6 Rd8 45. Bd5 Bxd6 46. Rf1 h4 47. Rxf7 Kh8
48. gxh4 Rb8 49. Be4 Rxh2+ 50. Kg1 Rxh4 51. Rxd6 Rxe4 52. Rxg6 Re3 53. Rc6 Re2
54. Rcc7 Rb1+ 55. Rf1 Rb8 56. Rf2 Re1+ 57. Kg2 Rg8+ 58. Kh2 Re6 59. Rf3 Re2+ 60.
Kh3 Re6 61. Rg3 Rh6+ 62. Kg2 Re8 63. Rh3 1-0

[Event "World Rapid 2025"]
[Site "Doha QAT"]
[Date "2025.12.26"]
[Round "4.9"]
[White "Gukesh, D"]
[Black "Pichot, Alan"]
[Result "1-0"]
[WhiteTitle "GM"]
[BlackTitle "GM"]
[WhiteElo "2754"]
[BlackElo "2597"]
[WhiteFideId "46616543"]
[BlackFideId "110973"]
[EventDate "2025.12.26"]
[EventType "rapid"]

1. e4 e5 2. Nf3 Nc6 3. g3 Nf6 4. d3 Bc5 5. Bg2 d6 6. O-O h6 7. h3 O-O 8. Kh2 a5
9. c4 Bd7 10. Nc3 Re8 11. Rb1 Nd4 12. Nxd4 Bxd4 13. Ne2 Bc5 14. f4 b5 15. b3 Rb8
16. Bd2 c6 17. Bc3 bxc4 18. bxc4 Rxb1 19. Qxb1 Qc7 20. Qa1 a4 21. Ng1 Nh7 22.
Nf3 f6 23. Qd1 Qa7 24. Qc2 Nf8 25. f5 Bd4 26. Bxd4 exd4 27. c5 dxc5 28. Qc4+ Kh8
29. Rc1 Rb8 30. Qxc5 Qxc5 31. Rxc5 Rb2 32. Nxd4 Rxa2 33. g4 Rd2 34. Rc3 Kg8 35.
Kg3 Kf7 36. Nf3 Rb2 37. e5 fxe5 38. Nxe5+ Ke7 39. Bxc6 Rb3 40. Rc4 a3 41. Bxd7
a2 42. Ra4 Nxd7 43. Ng6+ Kf7 44. Rxa2 Rxd3+ 45. Kh4 Kf6 46. Ra6+ Kf7 47. Nh8+
Ke7 48. Ng6+ Kf7 49. Nf4 Rf3 50. Ne6 Rd3 51. Ra7 g5+ 52. Nxg5+ hxg5+ 53. Kxg5
Rd4 54. h4 Kg8 55. Ra8+ Kf7 56. Ra7 Kg8 57. Ra5 Re4 58. Kh5 Nf6+ 59. Kg6 Nd7 60.
Ra8+ Nf8+ 61. Kg5 Kf7 62. Ra7+ Kg8 63. h5 Nh7+ 64. Kh6 Rxg4 65. Rxh7 Rf4 66.
Rg7+ Kf8 67. Rg5 Kf7 68. Kh7 Kf6 69. Rg8 Kf7 70. Rg7+ Kf6 71. Kg8 Ra4 72. Rf7+
Kg5 73. f6 Kxh5 74. Rd7 Rg4+ 75. Rg7 1-0

[Event "World Rapid 2025"]
[Site "Doha QAT"]
[Date "2025.12.26"]
[Round "4.10"]
[White "Giri, Anish"]
[Black "Bjerre, Jonas Buhl"]
[Result "1-0"]
[WhiteTitle "GM"]
[BlackTitle "GM"]
[WhiteElo "2760"]
[BlackElo "2623"]
[WhiteFideId "24116068"]
[BlackFideId "1444948"]
[EventDate "2025.12.26"]
[EventType "rapid"]

1. d4 Nf6 2. c4 e6 3. g3 Bb4+ 4. Bd2 Bxd2+ 5. Qxd2 d5 6. Bg2 O-O 7. Nf3 c6 8.
Qc3 Nbd7 9. O-O b6 10. Nbd2 Bb7 11. c5 bxc5 12. dxc5 Qe7 13. b4 a5 14. a3 e5 15.
e3 Ba6 16. Rfe1 Rfb8 17. Nh4 Qe6 18. f4 Re8 19. Nhf3 a4 20. fxe5 Nxe5 21. Nxe5
Qxe5 22. Qxe5 Rxe5 23. Nf3 Re7 24. Nd4 Rc7 25. Nf5 Ne4 26. Bxe4 dxe4 27. Nd6 Bd3
28. Ra2 f6 29. Rf2 Re7 30. h4 Re5 31. Kh2 h5 32. Rg1 Kh7 33. g4 hxg4 34. Rxg4
Ra7 35. Kg3 Rd7 36. Rgf4 Kg6 37. Rd2 Rd5 38. Kg4 Kh7 39. Rf5 Rxf5 40. Nxf5 Kg6
41. h5+ Kf7 42. Kf4 Kf8 43. Nd4 Bc4 44. Rg2 Bd5 45. Nf5 Kg8 46. Nd6 Kh7 47. Rg6
Re7 48. Nf5 Rd7 49. Rg1 Be6 50. Nd4 Bd5 51. Rd1 Bf7 52. Rh1 Bd5 53. Nf5 Be6 54.
Nd6 Bd5 55. Rh2 Re7 56. Nf5 Rd7 57. Rd2 Rc7 58. b5 Ra7 59. b6 Ra5 60. Rxd5 cxd5
61. c6 1-0

[Event "World Rapid 2025"]
[Site "Doha QAT"]
[Date "2025.12.26"]
[Round "4.11"]
[White "Kozak, Adam"]
[Black "Robson, Ray"]
[Result "1/2-1/2"]
[WhiteTitle "GM"]
[BlackTitle "GM"]
[WhiteElo "2546"]
[BlackElo "2650"]
[WhiteFideId "753246"]
[BlackFideId "2023970"]
[EventDate "2025.12.26"]
[EventType "rapid"]

1. Nf3 d5 2. b3 c5 3. e3 f6 4. d4 cxd4 5. exd4 Nc6 6. c4 e5 7. dxe5 Be6 8. Nd4
Bb4+ 9. Bd2 Bxd2+ 10. Qxd2 Nxd4 11. Qxd4 dxc4 12. Qe3 Qa5+ 13. Nd2 O-O-O 14.
Bxc4 Bxc4 15. Rc1 Kb8 16. Rxc4 Nh6 17. Ra4 Qxe5 18. Qxe5+ fxe5 19. Nf3 Nf7 20.
O-O Rd5 21. Rg4 g6 22. Re4 Rc8 23. Re2 Kc7 24. g3 Kd6 25. Kg2 b5 26. Rfe1 a5 27.
h4 Ke6 28. Nh2 h5 29. Nf3 Kf6 30. Nd2 Nd6 31. Nf3 Nf7 32. Nd2 Nd6 33. Nf3 1/2-1/2

[Event "World Rapid 2025"]
[Site "Doha QAT"]
[Date "2025.12.26"]
[Round "4.12"]
[White "Makarian, Rudik"]
[Black "Martinez Alcantara, Jose Eduardo"]
[Result "1/2-1/2"]
[WhiteTitle "GM"]
[BlackTitle "GM"]
[WhiteElo "2524"]
[BlackElo "2667"]
[WhiteFideId "44105681"]
[BlackFideId "3805662"]
[EventDate "2025.12.26"]
[EventType "rapid"]

1. d4 Nf6 2. c4 e6 3. Nf3 Bb4+ 4. Bd2 Qe7 5. g3 Nc6 6. Bg2 Bxd2+ 7. Qxd2 Ne4 8.
Qc2 Qb4+ 9. Kf1 f5 10. a3 Qe7 11. Nc3 Nxc3 12. Qxc3 O-O 13. d5 Nd8 14. dxe6 Nxe6
15. Nd4 Nc5 16. b4 Ne4 17. Qe3 d6 18. f4 Bd7 19. Bxe4 fxe4 20. Kg2 c5 21. Nb5
Be6 22. Rhd1 1/2-1/2